000
00371nam a2200169Ia 4500
008
170705s9999 xx 000 0 und d
020
_a
439283078
245
_a
Captain Grey /
245
_c
Avi.
260
_a
New York :
260
_b
Scholastic,
260
_c
1977
300
_a
141 pages :
300
_b
color illustration ;
300
_c
19cm.
500
_a
840
999
_c
336407
_d
336407